Statystyki dla Kraje UE i ich Waluty

Kliknij tutaj aby rozwiązać quiz!

Ogólne statystyki

  • Ten quiz został rozwiązany 892 razy
  • Średni wynik to 24 z 34

Statystyki odpowiedzi

odpowiedź% Poprawnych
euro
97%
złoty
92%
Polska
91%
Niemcy
87%
Czechy
83%
Francja
82%
Hiszpania
82%
Szwecja
80%
korona
79%
Portugalia
78%
Słowacja
77%
Włochy
77%
Belgia
76%
Chorwacja
75%
Litwa
75%
Holandia
74%
Łotwa
74%
Dania
73%
Austria
72%
Estonia
72%
Finlandia
72%
Słowenia
70%
Węgry
69%
Grecja
68%
Bułgaria
65%
Rumunia
65%
Irlandia
62%
Luksemburg
61%
kuna
49%
Malta
49%
Cypr
48%
forint
37%
lew
33%
lej
27%

Rozkład punktacji

Percentyl według liczby udzielonych odpowiedzi

Procent ludzi z każdym wynikiem

Twoja historia wyników

Nie rozwiązałeś tego quizu